| 000 | 00680nam a2200253Ia 4500 | ||
|---|---|---|---|
| 001 | 3532 | ||
| 005 | 20240113233634.0 | ||
| 007 | ta | ||
| 008 | 050526s1959 a g b000 u eng u | ||
| 040 | _aCotton College,Assam | ||
| 041 | _aeng | ||
| 082 |
_a070.175 _bTAL |
||
| 100 | _aTalukdar, Nagen . | ||
| 245 | 0 |
_aCottonian (1959) / _cNagen Talukdar. _hMonographic Serials |
|
| 250 | _a1st ed. / | ||
| 260 |
_aCotton College : _bEditorial Board , _c1959. |
||
| 300 |
_aLXXX,1vp. : _bill. ; _c23 cm. . |
||
| 500 | _aWritten in English & Assamese | ||
| 653 | _aMagazine-Cottonian | ||
| 653 | _aCottonian | ||
| 942 |
_2ddc _cBK |
||
| 999 |
_c3520 _d3520 |
||